KEEPING CLIENTS SATISFIED (Record no. 529377)

000 -LEADER
fixed length control field 00349nam a22001097a 4500
020 ## - INTERNATIONAL STANDARD BOOK NUMBER
International Standard Book Number 0135141834
Qualifying information Hard Cover
245 ## - TITLE STATEMENT
Title KEEPING CLIENTS SATISFIED
Remainder of title MAKE YOUR SEVICE BISNESS MORE SUCCESSFUL AND PROFITABLE /
Statement of responsibility, etc. Robert W. Bly
260 ## - PUBLICATION, DISTRIBUTION, ETC.
Place of publication, distribution, etc. New Jersey.
300 ## - PHYSICAL DESCRIPTION
Extent 271 p.
Dimensions 20cm.
942 ## - ADDED ENTRY ELEMENTS (KOHA)
Source of classification or shelving scheme
Koha item type Book
Holdings
Withdrawn status Lost status Source of classification or shelving scheme Damaged status Not for loan Permanent Location Current Location Shelving location Date acquired Total Checkouts Full call number Barcode Date last seen Price effective from Koha item type
          Central Library (CL) Central Library (CL) Business Communication 09/25/2019   658.812 NBS4279 09/25/2019 09/25/2019 Book
© 2023 Central Library, National University of Sciences and Technology. All Rights Reserved.